The girl who turned into a fish (Record no. 365008)
[ view plain ]
| 000 -LEADER | |
|---|---|
| fixed length control field | 00464nam a22001577a 4500 |
| 003 - CONTROL NUMBER IDENTIFIER | |
| control field | 0 |
| 005 - DATE AND TIME OF LATEST TRANSACTION | |
| control field | 20230619101137.0 |
| 008 - FIXED-LENGTH DATA ELEMENTS--GENERAL INFORMATION | |
| fixed length control field | 230619b xxu||||| |||| 00| 0 eng d |
| 020 ## - INTERNATIONAL STANDARD BOOK NUMBER | |
| International Standard Book Number | 971-630-051-4 |
| 082 ## - DEWEY DECIMAL CLASSIFICATION NUMBER | |
| Classification number | Fil. 398.35209599 |
| Item number | .Pa295 1997 |
| 245 ## - TITLE STATEMENT | |
| Title | The girl who turned into a fish |
| Statement of responsibility, etc | Paterno, Maria Elena |
| 260 ## - PUBLICATION, DISTRIBUTION, ETC. (IMPRINT) | |
| Place of publication, distribution, etc | Manila |
| Name of publisher, distributor, etc | Tahanan Books for Young Readers |
| Date of publication, distribution, etc | c1997. |
| 300 ## - PHYSICAL DESCRIPTION | |
| Extent | 56pp. |
| Other physical details | ill. |
| Dimensions | 25cm. |
| 500 ## - GENERAL NOTE | |
| General note | Tales-Philippines. |
| 942 ## - ADDED ENTRY ELEMENTS (KOHA) | |
| Source of classification or shelving scheme | Dewey Decimal Classification |
| Koha item type | Books |
| Withdrawn status | Lost status | Source of classification or shelving scheme | Damaged status | Home library | Current library | Shelving location | Date acquired | Source of acquisition | Sub Shelving location | Total Checkouts | Full call number | Barcode | Date last seen | Price effective from | Koha item type |
|---|---|---|---|---|---|---|---|---|---|---|---|---|---|---|---|
| Dewey Decimal Classification | Munich Library | Munich Library | Filipiniana Section | 06/19/2023 | Library Fund | Fil. 398.35209599 Pa295 1999 | M8340 | 06/19/2023 | 06/19/2023 | Books |